00479nam a2200193Ia 4500001000700000003000500007008004100012010001100053040000900064082001300073100002800086245005100114260003900165300001100204440003000215500000500245503000500250650003000255Z_3233CHAP220113s1999 xx 000 0 und d a166341 cCHAP a860 I23d aIbargüengoitia, Jorge aDos crímenes /cpor Jorge Ibargüengoitia aMéxico, D. F. :bPlaneta,c1999 a211 p. aNarrativa actual mexicana a a aLiteratura mexicana I. t.